Set theory: with an introduction to descriptive set theory

Saved in:
Bibliografiske detaljer
Hovedforfatter: Kuratowski, Kazimierz (Author)
Format: Bog
Sprog:engelsk
Udgivet: Varsovia PWN 1976
Udgivelse:2a. ed
Serier:Studies in Logic and the Foundations of Mathematics, 86
Fag:
Tags: Tilføj Tag
Ingen Tags, Vær først til at tagge denne postø!

MARC

LEADER 00000nam a2200000 a 4500
001 UCQ8722
003 CL-VaPUC
008 981217e19760000pl |||||||||||||||||eng|d
082 0 4 |a 511.322  |b KUR  |2 21 
100 |a Kuratowski, Kazimierz  |e author  |9 564672 
245 1 0 |a Set theory: with an introduction to descriptive set theory 
250 |a 2a. ed 
300 |a 514 p 
942 |c BK 
945 |d 19981217 00:00:00  |a cmena 
260 |a Varsovia  |b PWN  |c 1976 
650 0 |a Lógica matemática   |9 262442 
650 0 |a Teoría de conjuntos   |9 265668 
650 0 |a Álgebra  |9 259567 
650 7 |a AXIOMAS  |2 CL-VaPUC  |9 422855 
650 0 |a Relaciones matemáticas  |9 359925 
583 |a last modification  |c 20171211 12:50:03  |k Rodrigo Vera 
490 0 |a Studies in Logic and the Foundations of Mathematics, 86 
999 |c 277903  |d 277901 
952 |0 0  |1 0  |4 0  |6 511_322000000000000_KUR_1976  |7 0  |8 A  |9 316169  |a BIBMAT  |b BIBMAT  |d 2019-11-20  |i 1479369  |o 511.322 KUR 1976  |p 1479369  |r 2025-01-07  |w 2019-11-20  |y BK  |k MAT